Teacher evaluation: improvement, accountability, and effective learning (Record no. 35252)

MARC details
000 -LEADER
fixed length control field 00480nam a2200169Ia 4500
020 ## - INTERNATIONAL STANDARD BOOK NUMBER
ISBN 0- 8077- 2891- 8
050 ## - CALL MARK
Classification number LB2838.M385
100 ## - STATEMENT OF RESPONSIBILITY--MAIN AUTHOR NAME
Personal name Milbrey Wallin McLaughlin
245 #0 - TITLE STATEMENT
Title Teacher evaluation: improvement, accountability, and effective learning
260 ## - PUBLICATION, DISTRIBUTION, ETC. (IMPRINT)
Name of publisher Teachers College Press
260 ## - PUBLICATION, DISTRIBUTION, ETC. (IMPRINT)
Year of publication 1988
300 ## - PHYSICAL DESCRIPTION
Number of Pages 166 p
650 ## - SUBJECT ADDED ENTRY--TOPICAL TERM
Topical Term Teachers- united states- rating of
942 ## - ADDED ENTRY ELEMENTS (KOHA)
Koha item type Books
Holdings
Withdrawn status Lost status Source of classification or shelving scheme Damaged status Not for loan Permanent Location Current Location Date acquired Accession Number Price effective from Koha item type
    Library of Congress Classification     NILE UNIVERSITY OF NIGERIA - MAIN LIBRARY NILE UNIVERSITY OF NIGERIA - MAIN LIBRARY 04/23/2025 0005083 04/23/2025 Books